00268 a2200121 4500001000700000020001800007040001100025100002400036240003700060245003200097300000800129362000900137185994 a85-10-03547-1 cMagnum aGonçalves, Marcos10aPassaporte para geografia 2lpor10aPassaporte para geografia 2 a2000 a2005